书目信息 |
| 题名: |
城市水务管理
|
|
| 作者: | 高艳玲编著 | |
| 分册: | ||
| 出版信息: | 北京 中国建材工业出版社 2006.01 |
|
| 页数: | 399页 | |
| 开本: | 26cm | |
| 丛书名: | 高等院校环境类系列教材 | |
| 单 册: | ||
| 中图分类: | TU991.31 | |
| 科图分类: | ||
| 主题词: | 城市用水 | |
| 电子资源: | ||
| ISBN: | 7-80159-986-1 | |
| 000 | 00711nam0 2200217 45 | |
| 001 | 010455154143 | |
| 005 | 20060421151914.20 | |
| 010 | @a7-80159-986-1@dCNY39.00 | |
| 100 | @a20060421d2006 ekmy0 y0120 ea | |
| 102 | @aCN@b110000 | |
| 105 | @ay z 000yy | |
| 200 | 1 | @a城市水务管理@f高艳玲编著 |
| 210 | @a北京@c中国建材工业出版社@d2006.01 | |
| 215 | @a399页@c图@d26cm | |
| 225 | 2 | @a高等院校环境类系列教材 |
| 330 | @a本书阐述了城市水务管理概论、城市供排水系统、城市防洪排涝工程与管理、城市用水与节水管理、城市水环境保护与生态系统建设、城市水务管理现代化等内容。 | |
| 606 | 1 | @a城市用水 |
| 690 | @aTU991.31@v4 | |
| 701 | 0 | @a高艳玲编著 |
| 801 | 0 | @aCN@b安徽儒林@c20060421 |
| 905 | @a10447@dTU991.31@eG200 | |
| 城市水务管理/高艳玲编著.-北京:中国建材工业出版社,2006.01 |
| 399页:图;26cm.-(高等院校环境类系列教材) |
| ISBN 7-80159-986-1:CNY39.00 |
| 本书阐述了城市水务管理概论、城市供排水系统、城市防洪排涝工程与管理、城市用水与节水管理、城市水环境保护与生态系统建设、城市水务管理现代化等内容。 |
| ● |
| 相关链接 |
|
|
|
正题名:城市水务管理
索取号:TU991.31/G200
 
预约/预借
| 序号 | 登录号 | 条形码 | 馆藏地/架位号 | 状态 | 备注 |
| 1 | 602012 | 206020125 | 建筑库201/201建筑库 133排2列2层/ [索取号:TU991.31/G200] | 在馆 | |
| 2 | 602013 | 206020134 | 建筑库201/201建筑库 133排2列5层/ [索取号:TU991.31/G200] | 在馆 |